000 00670nam a22002057a 4500
003 0
005 20251104072229.0
008 251104b xxu||||| |||| 00| 0 eng d
020 _a978-93-6224-996-8
050 _aHD 1382.8
_b.R43 2025
245 _aReal estate consulting /
_cSatish Kumar, editor.
260 _aNew Delhi, India :
_bDiscovery Publishing House,
_c2025.
300 _av, 224 pages :
_billustrations ;
_c25 cm.
504 _aIncludes bibliographical references and index.
650 _aReal estate business
_xConsulting.
650 _aReal property
_xValuation.
650 _aReal estate agents.
650 _aReal estate investment.
942 _2lcc
_cBK
999 _c368425
_d368425